Human resource development: (Record no. 8697)
[ view plain ]
| 000 -LEADER | |
|---|---|
| fixed length control field | 00473nam a2200193 4500 |
| 005 - DATE AND TIME OF LATEST TRANSACTION | |
| control field | 20260213140843.0 |
| 008 - FIXED-LENGTH DATA ELEMENTS--GENERAL INFORMATION | |
| fixed length control field | CUC123 |
| 020 ## - INTERNATIONAL STANDARD BOOK NUMBER | |
| International Standard Book Number | 074942916X |
| 050 ## - LIBRARY OF CONGRESS CALL NUMBER | |
| Classification number | HF 5549 MEG |
| Item number | 1 |
| 100 ## - MAIN ENTRY--PERSONAL NAME | |
| Personal name | MEGGINGSON, DAVID |
| 245 ## - TITLE STATEMENT | |
| Title | Human resource development: |
| Remainder of title | The fast track MBA series |
| 250 ## - EDITION STATEMENT | |
| Edition statement | 2nd |
| 260 ## - PUBLICATION, DISTRIBUTION, ETC. | |
| Place of publication, distribution, etc. | london |
| Name of publisher, distributor, etc. | kogan |
| Date of publication, distribution, etc. | 2000 |
| 300 ## - PHYSICAL DESCRIPTION | |
| Extent | ix,198p |
| 650 ## - SUBJECT ADDED ENTRY--TOPICAL TERM | |
| Source of heading or term | BANFIELD, PAUL |
| 700 ## - ADDED ENTRY--PERSONAL NAME | |
| Personal name | BANFIELD, PAUL |
| 700 ## - ADDED ENTRY--PERSONAL NAME | |
| Personal name | JOY- MATHEWS, JENNIFER |
| 942 ## - ADDED ENTRY ELEMENTS (KOHA) | |
| Source of classification or shelving scheme | Library of Congress Classification |
| Koha item type | Books |
| Suppress in OPAC | No |
| 999 ## - | |
| -- | 8697 |
| -- | 8697 |
| Withdrawn status | Lost status | Source of classification or shelving scheme | Damaged status | Not for loan | Collection | Home library | Current library | Shelving location | Date acquired | Total checkouts | Full call number | Barcode | Date last seen | Copy number | Price effective from | Koha item type | Public note |
|---|---|---|---|---|---|---|---|---|---|---|---|---|---|---|---|---|---|
| Dewey Decimal Classification | Non-fiction | Graduate Library (Christ Temple) | Graduate Library (Christ Temple) | General stacks | 02/13/2026 | HF 5549 MEG | GSCT00002403 | 02/13/2026 | 1 | 02/13/2026 | Books | EAQ | |||||
| Dewey Decimal Classification | Non-fiction | Graduate Library (Christ Temple) | Graduate Library (Christ Temple) | General stacks | 02/13/2026 | HF 5549 MEG | GSCT00002404 | 02/13/2026 | 2 | 02/13/2026 | Books | EAQ | |||||
| Dewey Decimal Classification | Non-fiction | Graduate Library (Christ Temple) | Graduate Library (Christ Temple) | General stacks | 02/13/2026 | HF 5549 MEG | GSCT00002405 | 02/13/2026 | 3 | 02/13/2026 | Books | EAQ | |||||
| Dewey Decimal Classification | Non-fiction | Graduate Library (Christ Temple) | Graduate Library (Christ Temple) | General stacks | 02/13/2026 | HF 5549 MEG | GSCT00002406 | 02/13/2026 | 4 | 02/13/2026 | Books | EAQ |